| 000 | 00302nam a2200109Ia 4500 | ||
|---|---|---|---|
| 008 | 230907s9999||||xx |||||||||||||| ||und|| | ||
| 082 |
_a621.194 _bHES |
||
| 100 |
_aHeselton, Kenneth E. _9115778 |
||
| 245 |
_aBoiler operator's handbook / _cKenneth E. Heselton |
||
| 260 | _c2019-09-27 | ||
| 942 |
_2ddc _cEB |
||
| 999 |
_c599614 _d599614 |
||